UM Logo

The kingdom and the republic: (Record no. 5270)

MARC details
000 -LEADER
fixed length control field 00751nam a22001937a 4500
008 - FIXED-LENGTH DATA ELEMENTS--GENERAL INFORMATION
fixed length control field 161015b xxu||||| |||| 00| 0 eng d
020 ## - INTERNATIONAL STANDARD BOOK NUMBER
International Standard Book Number 9715504442
082 ## - DEWEY DECIMAL CLASSIFICATION NUMBER
Edition number 2003
Classification number DFil 333.75
Item number C76
100 ## - MAIN ENTRY--PERSONAL NAME
9 (RLIN) 16315
Personal name Contreras, Antonio P.
245 ## - TITLE STATEMENT
Title The kingdom and the republic:
Remainder of title forest governance and political transformation in Thailand and the Philippines/
Statement of responsibility, etc. Antonio P. Contreras
260 ## - PUBLICATION, DISTRIBUTION, ETC. (IMPRINT)
Place of publication, distribution, etc. Quezon City:
Name of publisher, distributor, etc. ADMU Press,
Date of publication, distribution, etc. c2003.
300 ## - PHYSICAL DESCRIPTION
Extent vii, 183 pages;
Dimensions 23 cm.
500 ## - GENERAL NOTE
General note Includes bibliographical references and index.
650 #0 - SUBJECT ADDED ENTRY--TOPICAL TERM
9 (RLIN) 16318
Topical term or geographic name as entry element Forest policy
General subdivision Political aspects
Geographic subdivision Philippines
650 #0 - SUBJECT ADDED ENTRY--TOPICAL TERM
9 (RLIN) 16319
Topical term or geographic name as entry element Forest policy
General subdivision political aspects
Geographic subdivision Thailand
650 #0 - SUBJECT ADDED ENTRY--TOPICAL TERM
9 (RLIN) 16321
Topical term or geographic name as entry element Forest protection.
365 ## - TRADE PRICE
Price amount 286.00
Currency code Php.
942 ## - ADDED ENTRY ELEMENTS (KOHA)
Source of classification or shelving scheme Dewey Decimal Classification
Koha item type Filipiniana
Holdings
Withdrawn status Lost status Source of classification or shelving scheme Damaged status Not for loan Collection code Home library Current library Date acquired Source of acquisition Total Checkouts Full call number Barcode Date last seen Cost, replacement price Price effective from Koha item type
    Dewey Decimal Classification     Filipiniana UM Digos College - LIC UM Digos College - LIC 10/28/2003 Purchased   DFil 333.75 C76 2003 16246 05/15/2025 286.00 10/15/2016 Filipiniana